Japan's International Relations : Politics, Economics and Security /

Estudios sobre las relaciones internacionales de Japón en el tránsito del siglo XX al XXI. Los autores analizan los nexos del país asiático con Estados Unidos, con Europa, con Asia del Este y con organismos internacionales en torno a una agenda temática integrada por la economía, la política y la se...

Descripció completa

Guardat en:
Dades bibliogràfiques
Altres autors: Hook, Glenn D. (autor) (autor)
Format: Llibre
Idioma:anglès
Publicat: Londres, Inglaterra : Routledge, 2001, c2001
Col·lecció:(Sheffield Centre for Japanese Studies/Routledge Series)
Matèries:
Etiquetes: Afegir etiqueta
Sense etiquetes, Sigues el primer a etiquetar aquest registre!

MARC

LEADER 00000nam^a2200000^a^4500
001 000130295
005 20250521000000.0
009 20260310094941.466
020 |a 0-415-24098-0 
037 |a Acervo ITESO - Biblioteca 
041 |a ING 
082 |a 327. 52  |b JAP 
245 0 0 |a Japan's International Relations :  |b Politics, Economics and Security /  |c G.D. Hook... [et al.]. 
264 4 |a Londres, Inglaterra :  |b Routledge,  |c 2001, c2001 
300 |a XXXVI, 532 p. 
336 |a texto  |b txt  |2 rdacontenido 
337 |a sin mediación  |b n  |2 rdamedio 
338 |a volumen  |b nc  |2 rdasoporte 
440 1 |a (Sheffield Centre for Japanese Studies/Routledge Series) 
520 |a Estudios sobre las relaciones internacionales de Japón en el tránsito del siglo XX al XXI. Los autores analizan los nexos del país asiático con Estados Unidos, con Europa, con Asia del Este y con organismos internacionales en torno a una agenda temática integrada por la economía, la política y la seguridad. 
649 |a XX 
650 |a Relaciones Internacionales -  |z Asia Sudoriental-Japón 
650 |a Relaciones Internacionales -  |z EUA-Japón 
650 |a Relaciones Internacionales -  |z Europa-Japón 
650 |a Comercio Exterior -  |z Japón 
650 |a Política Exterior -  |z Japón 
650 |a Seguridad Nacional -  |z Japón 
650 |a Economía -  |z Japón -  |x Historia -  |y Período Heisei, 1989 en Adelante 
650 |a Economía -  |z Japón -  |x Historia -  |y Siglo XX 
650 |a Política -  |z Japón -  |x Historia -  |y Período Heisei, 1989 en Adelante 
650 |a Política -  |z Japón -  |x Historia -  |y Siglo XX 
650 |a Organizaciones Internacionales 
650 |a Seguridad Internacional 
650 |a Política Internacional 
650 |a Globalización 
650 |a Japón -  |x Condiciones Económicas 
650 |a Japón -  |x Condiciones Políticas 
700 |a Hook, Glenn D.  |e (autor) 
910 |a Fondo General 
920 |a Impresos - Libros 
930 |a Colección General 
905 |a 101 
901 |a 0500060076  |b IT1  |c ACC  |u 20250521 
902 |a https://opac.biblio.iteso.mx/vufind/Record/000130295